000 00327nam a2200109Ia 4500
005 20251222143138.0
008 251222s9999||||xx |||||||||||||| ||spa||
082 _a332.6/D12
245 0 _aEstatuto de Inversiones y Tecnologías Extranjeras
264 _bComisión Nacional de Inversiones y Tecnologías Extranjeras
942 _cLIB
999 _c12192
_d12192